[Event "FRA-ch U26 rapid"]
[Site "Chalons en Champagne"]
[Date "2015.03.28"]
[Round "1"]
[White "Wattiez, Nicolas"]
[Black "Loiseau, Quentin"]
[Result "0-1"]
[WhiteElo "2010"]
[BlackElo "2630"]
[PlyCount "52"]
[EventDate "2015.03.28"]
[EventType "swiss (rapid)"]
[EventRounds "9"]
[EventCountry "FRA"]
[SourceTitle "CBM 165 Extra"]
[Source "ChessBase"]
[SourceDate "2015.04.21"]
[SourceVersion "1"]
[SourceVersionDate "2015.04.21"]
[SourceQuality "1"]

1. c4 b6 2. Nc3 Bb7 3. d4 e6 4. e4 Bb4 5. Bd3 f5 6. Qe2 Nf6 7. f3 fxe4 8. fxe4 Bxc3+ 9. bxc3 Nxe4 10. Qh5+ g6 11. Qg4 Nf6 12. Qg5 Qe7 13. Ne2 0-0 14. 0-0 Nc6 15. d5 exd5 16. cxd5 Ne5 17. Bc2 Bxd5 18. Nd4 Rae8 19. Nf5 Qc5+ 20. Be3 Qxc3 21. Bd4 Qxc2 22. Nh6+ Kg7 23. Nf5+ Kh8 24. Ne3 Qe4 25. Nxd5 Qxd4+ 26. Ne3 Neg4 0-1

[Event "Bethune op-B 25th"]
[Site "Bethune"]
[Date "2004.12.29"]
[Round "5"]
[White "Rigolot, Lucie"]
[Black "Wattiez, Nicolas"]
[Result "0-1"]
[WhiteElo "1520"]
[BlackElo "1280"]
[PlyCount "110"]
[EventDate "2004.12.26"]
[EventType "swiss"]
[EventRounds "7"]
[EventCountry "FRA"]
[SourceTitle "EXT 2006"]
[Source "ChessBase"]
[SourceDate "2005.11.24"]
[SourceVersion "1"]
[SourceVersionDate "2005.11.24"]
[SourceQuality "1"]

1. e4 e5 2. Nf3 Nc6 3. c3 Nf6 4. d4 exd4 5. e5 Qe7 6. cxd4 d6 7. Bb5 dxe5 8. dxe5 Ng4 9. Bxc6+ bxc6 10. Bf4 Qb4+ 11. Qd2 Qxd2+ 12. Nbxd2 Bb4 13. 0-0 0-0 14. h3 Bxd2 15. Bxd2 Nh6 16. Bxh6 gxh6 17. Rac1 Ba6 18. Rfe1 Bb5 19. Nd4 Rab8 20. Nxc6 Bxc6 21. Rxc6 Rxb2 22. Rxh6 Rxa2 23. Rc1 Rc8 24. Rhc6 a5 25. Rxc7 Rxc7 26. Rxc7 a4 27. f4 a3 28. f5 Re2 29. Rc1 Rxe5 30. Ra1 Ra5 31. Kh2 Kg7 32. Kg3 Kf6 33. Kh4 Kxf5 34. g4+ Kf4 35. Rf1+ Ke4 36. g5 a2 37. Ra1 Kd3 38. Kg4 Kc2 39. h4 Kb2 40. Rf1 a1Q 41. Rxa1 Kxa1 42. Kh5 Ra6 43. Kg4 Kb2 44. Kh5 Kc3 45. Kg4 Kd4 46. Kh5 Ke3 47. Kg4 Kf2 48. Kh3 f6 49. gxf6 Rxf6 50. Kh2 Rh6 51. Kh3 Kf3 52. Kh2 Rxh4+ 53. Kg1 Rc4 54. Kh2 Rc1 55. Kh3 Rh1# 0-1